00925nam a2200145Ia 4500008004100000020001800041100008800059245017000147260002700317650001300344650026000357856005200617999001900669952009100688171212s9999 xx 000 0 und d a9780833080387 aRiposo, Jessie;Weichenberg, Guy;Duran, Chelsea Kaihoi;Fox, Bernard;Shelton, William cRiposo, Jessie;Weichenberg, Guy;Duran, Chelsea Kaihoi;Fox, Bernard;Shelton, WilliamaImproving Air Force Enterprise Resource Planning-Enabled Business Transformation bRAND Corporationc2013 aBusiness aUnited States. Air Force -- Accounting; United States. Air Force -- Management; United States. Air Force -- Information technology; United States. Air Force -- Data processing; Business logistics -- United States; Reengineering (Management) -- United Stat uhttp://www.jstor.org/stable/10.7249/j.ctt5hhvgh c352184d352184 001040aCLbCLd2017-12-12l0oUG633.2.R57 2013r2017-12-12 00:00:00w2017-12-12yCBE